[Event "24th Hoogeveen Open 2021"]
[Site "Hoogeveen"]
[Date "2021.10.22"]
[Round "8.7"]
[White "Labruyere, Roger"]
[Black "Willemsma, Abe"]
[Result "1-0"]
[WhiteElo "2009"]
[BlackElo "2095"]
[Annotator "ChessBase"]
[PlyCount "35"]
[EventDate "2021.10.15"]
[EventType "swiss"]
[EventCountry "NED"]
[SourceTitle "playchess.com"]
[Source "ChessBase"]
[SourceQuality "1"]
[TimeControl "40/5400+30:1800+30"]

1. e4 {[%emt 0:00:01]} Nc6 {[%emt 0:00:07]} 2. Nc3 {[%emt 0:00:18]} e5 {[%emt 0:02:05]} 3. f4 {[%emt 0:00:06]} exf4 {[%emt 0:05:40]} 4. Nf3 {[%emt 0:00:47]} g5 {[%emt 0:02:24]} 5. Bc4 {[%emt 0:01:27]} g4 {[%emt 0:04:21]} 6. O-O {[%emt 0:00:58]} gxf3 {[%emt 0:00:13]} 7. Qxf3 {[%emt 0:00:13]} Qf6 {[%emt 0:07:07]} 8. Nd5 {[%emt 0:07:02]} Qd4+ {[%emt 0:03:01]} 9. Kh1 {[%emt 0:04:45]} Bd6 {[%emt 0:08:23]} 10. d3 {[%emt 0:02:19]} Nge7 {[%emt 0:04:25]} 11. Bxf4 {[%emt 0:01:31]} Bxf4 {[%emt 0:12:46]} 12. Qxf4 {[%emt 0:00:41]} Nxd5 {[%emt 0:00:23]} 13. Qxf7+ {[%emt 0:00:07]} Kd8 {[%emt 0:00:09]} 14. exd5 {[%emt 0:00:07]} d6 {[%emt 0:07:11]} 15. dxc6 {[%emt 0:00:15]} bxc6 {[%emt 0:00:07]} 16. c3 {[%emt 0:00:08]} Qe5 {[%emt 0:00:15]} 17. Rae1 {[%emt 0:00:06]} Qg5 {[%emt 0:00:34]} 18. Rf6 {[%emt 0:05:06]} 1-0

[Event "24th Hoogeveen Open 2021"]
[Site "Hoogeveen"]
[Date "2021.10.23"]
[Round "9.1"]
[White "Hovenga, Alje"]
[Black "Bezemer, Arno"]
[Result "1/2-1/2"]
[WhiteElo "2212"]
[BlackElo "2283"]
[Annotator "NA"]
[PlyCount "24"]
[EventDate "2021.10.15"]
[EventType "swiss"]
[EventCountry "NED"]
[SourceTitle "playchess.com"]
[Source "ChessBase"]
[SourceQuality "1"]
[TimeControl "40/5400+30:1800+30"]

1. d4 {[%emt 0:00:02]} d5 {[%emt 0:00:09]} 2. c4 {[%emt 0:00:11]} c6 {[%emt 0:00:08]} 3. Nf3 {[%emt 0:00:14]} Nf6 {[%emt 0:00:09]} 4. cxd5 {[%emt 0:00:12]} cxd5 {[%emt 0:00:07]} 5. Nc3 {[%emt 0:00:12]} Nc6 {[%emt 0:00:15]} 6. Bf4 {[%emt 0:00:19]} Bf5 {[%emt 0:00:18]} 7. e3 {[%emt 0:00:28]} e6 {[%emt 0:00:05]} 8. Bd3 {[%emt 0:00:28]} Bxd3 {[%emt 0:00:08]} 9. Qxd3 {[%emt 0:00:07]} Bd6 {[%emt 0:00:13]} 10. Bxd6 {[%emt 0:00:12]} Qxd6 {[%emt 0:00:06]} 11. O-O {[%emt 0:00:15]} O-O {[%emt 0:00:12]} 12. Rfc1 {[%emt 0:00:12]} Rfc8 {[%emt 0:00:14]} 1/2-1/2

[Event "24th Hoogeveen Open 2021"]
[Site "Hoogeveen"]
[Date "2021.10.23"]
[Round "9.2"]
[White "Arabi, Osama"]
[Black "Gutkind, Kedem"]
[Result "1-0"]
[WhiteElo "1940"]
[BlackElo "2112"]
[Annotator "TA"]
[PlyCount "149"]
[EventDate "2021.10.15"]
[EventType "swiss"]
[EventCountry "NED"]
[SourceTitle "playchess.com"]
[Source "ChessBase"]
[SourceQuality "1"]

{[%evp 21,149,-11,-9,-14,-14,-25,0,-8,0,-6,-17,-27,-26,-22,-15,-19,-20,-17,-9,-31,-35,-56,-43,-44,-37,-47,-46,-44,-41,-45,0,-4,0,0,21,20,37,48,97,85,118,112,122,18,22,-33,35,26,145,137,141,138,256,255,261,249,292,154,145,143,145,56,64,62,54,0,47,47,62,47,47,47,46,11,11,0,0,0,26,26,32,39,86,43,198,198,198,0,76,95,439,265,598,568,459,408,636,608,918,665,1357,606,606,606,596,591,12831,5097,29977,29978,29978,29979,29979,29980,29980,29981,29981,29982,29983,29984,29985,29986,29986,29987,29987,29988,29988,29989,29989,4682]} 1. d4 d5 2. c4 e6 3. Nc3 Be7 4. Nf3 Nf6 5. cxd5 exd5 6. Bg5 c6 7. Qc2 g6 8. e4 dxe4 9. Bxf6 Bxf6 10. Qxe4+ Qe7 11. Bc4 Bf5 12. Qxe7+ {D36: Queen's Gambit Declined: Exchange Variation: Main line (5 Bg5 c6 6 Qc2).} Kxe7 13. h3 h5 14. O-O-O {The position is equal.} Nd7 15. Rhe1+ Kf8 16. Ne4 Bxe4 17. Rxe4 Nb6 18. Bb3 Rd8 19. Ne5 Nd5 {[#]} 20. Nd3 $146 ({Predecessor:} 20. Nc4 Kg7 21. Ne3 Nxe3 22. fxe3 Bg5 23. Rd3 Rhe8 24. Rxe8 Rxe8 25. Kd2 f5 26. d5 cxd5 27. Bxd5 {½-½ (37) Semcesen,D (2449)-Berczes,D (2526) Stockholm 2010}) 20... Kg7 21. Nc5 b6 (21... b5 {feels hotter.} 22. Nb7 Rde8 23. Rde1 Rxe4 24. Rxe4 Rb8) 22. Nd3 Rhe8 23. Rde1 Rxe4 24. Rxe4 Rd6 25. Ne5 Bg5+ (25... Nf4 $5) 26. Kc2 f5 27. Re1 Bf6 28. Bxd5 cxd5 $11 {[%mdl 4096] Endgame KRB-KRN} 29. Kd3 Re6 30. f4 $1 Re7 31. Rc1 g5 32. g3 (32. Ke3 $1 $16) 32... h4 $1 33. fxg5 (33. Ke3 $11) 33... Bxg5 (33... Bxe5 $15 34. dxe5 hxg3) 34. Rg1 {aiming for gxh4.} hxg3 (34... Kh7 $11) 35. Rxg3 $16 Kh6 36. Rf3 f4 (36... Bc1 $16) 37. h4 $1 $18 {[%cal Rh4g5]} Bf6 38. Ng4+ ({Much less strong is} 38. Rxf4 $6 Bxe5 39. dxe5 Rxe5 $16) 38... Kg7 39. Nxf6 (39. Rxf4 $18 Bxh4 40. Rf5) 39... Kxf6 $16 40. Rxf4+ $18 {KR-KR} Ke6 41. Kc3 (41. Rg4 $16) 41... Rc7+ $14 42. Kd2 Rg7 43. h5 ({Better is} 43. Ke3 $14) 43... Rh7 (43... Rg2+ {is more complex.} 44. Kc3 Rh2 45. Rg4 Rxh5 46. Rg7 Rh3+) 44. Rh4 Kf5 45. Ke3 Kg5 {[%mdl 64] Double Attack} 46. Rh2 Re7+ $1 47. Kd3 Rh7 48. Re2 {Strongly threatening Re5+.} Rxh5 49. Re7 Kf4 50. Rf7+ Kg5 51. Rxa7 Rh3+ {[#]} 52. Kc2 $1 {Rd7 is the strong threat.} Rh4 $2 (52... Kf4 $14) 53. Kc3 $18 Rh3+ 54. Kc2 $2 (54. Kb4 $18) 54... Rh2+ {[#]} (54... Rh4 $11) 55. Kb3 $1 $16 {Black must now prevent Rd7. Black is on the road to losing.} Rh4 $2 {[%mdl 8192]} (55... Kf4 $16) 56. Rb7 Rxd4 $2 (56... Rh3+ {is a better chance.} 57. Kb4 Rh2) 57. Rxb6 Kf4 58. a4 Rd1 (58... Rc4 $142 59. Rd6 Ke4) 59. Ka2 $18 d4 60. a5 {And now a6 would win.} d3 61. Rd6 (61. a6 $142) 61... Ke3 62. a6 {White threatens a7 and mate.} Rh1 63. b4 d2 64. a7 Rh6 65. Rxh6 {White mates.} d1=Q {KQ-KR} 66. Rh3+ Kd4 67. a8=Q Qc2+ 68. Ka3 Qc1+ 69. Ka4 Qd1+ 70. Rb3 Qa1+ 71. Ra3 Qd1+ 72. Ka5 Qh5+ 73. b5 Qe5 74. Qd8+ Ke4 75. Qd3+ {Weighted Error Value: White=0.22/Black=0.47} 1-0

[Event "24th Hoogeveen Open 2021"]
[Site "Hoogeveen"]
[Date "2021.10.23"]
[Round "9.3"]
[White "Roobol, Martin"]
[Black "Binnendijk, Ferdinand"]
[Result "1/2-1/2"]
[WhiteElo "2296"]
[BlackElo "2142"]
[Annotator "ChessBase"]
[PlyCount "77"]
[EventDate "2021.10.15"]
[EventType "swiss"]
[EventCountry "NED"]
[SourceTitle "playchess.com"]
[Source "ChessBase"]
[SourceQuality "1"]
[TimeControl "40/5400+30:1800+30"]

1. e4 {[%emt 0:00:03]} d6 {[%emt 0:00:04]} 2. d4 {[%emt 0:00:05]} Nf6 {[%emt 0:00:04]} 3. Nc3 {[%emt 0:00:06]} e5 {[%emt 0:00:05]} 4. Nge2 {[%emt 0:00:30]} Be7 {[%emt 0:02:06]} 5. h3 {[%emt 0:00:55]} h5 {[%emt 0:00:22]} 6. g3 {[%emt 0:02:13]} c6 {[%emt 0:02:32]} 7. a4 {[%emt 0:00:38]} a5 {[%emt 0:02:06]} 8. Bg2 {[%emt 0:01:25]} Nbd7 {[%emt 0:06:17]} 9. Be3 {[%emt 0:01:34]} Qc7 {[%emt 0:05:33]} 10. O-O {[%emt 0:04:50]} O-O {[%emt 0:03:34]} 11. f4 {[%emt 0:00:00]} exd4 {[%emt 0:05:08]} 12. Bxd4 {[%emt 0:10:13]} Re8 {[%emt 0:08:07]} 13. Qd2 {[%emt 0:00:32]} Nc5 {[%emt 0:10:51]} 14. Rae1 {[%emt 0:07:13]} d5 {[%emt 0:05:24]} 15. exd5 {[%emt 0:09:04]} cxd5 {[%emt 0:00:17]} 16. f5 {[%emt 0:00:08]} Nce4 {[%emt 0:03:52]} 17. Nxd5 {[%emt 0:19:38]} Nxd5 {[%emt 0:10:42]} 18. Bxe4 {[%emt 0:00:11]} Nf6 {[%emt 0:01:11]} 19. Bg2 {[%emt 0:04:42]} Bd7 {[%emt 0:01:44]} 20. b3 {[%emt 0:20:35]} Bc5 {[%emt 0:04:26]} 21. Kh2 {[%emt 0:05:34]} Bxd4 {[%emt 0:06:09]} 22. Nxd4 {[%emt 0:00:37]} h4 {[%emt 0:01:22]} 23. Qf4 {[%emt 0:02:52]} hxg3+ {[%emt 0:00:27]} 24. Qxg3 {[%emt 0:00:12]} Qc5 {[%emt 0:00:13]} 25. c3 {[%emt 0:02:47]} Bc6 {[%emt 0:01:40]} 26. Bxc6 {[%emt 0:03:26]} bxc6 {[%emt 0:00:11]} 27. Rxe8+ {[%emt 0:00:18]} Rxe8 {[%emt 0:00:28]} 28. Re1 {[%emt 0:00:58]} Rxe1 {[%emt 0:02:16]} 29. Qxe1 {[%emt 0:00:04]} Qd6+ {[%emt 0:01:21]} 30. Qg3 {[%emt 0:00:52]} Qd5 {[%emt 0:04:36]} 31. Qf3 {[%emt 0:01:01]} Ne4 {[%emt 0:02:44]} 32. Kg2 {[%emt 0:00:44]} c5 {[%emt 0:01:41]} 33. Ne2 {[%emt 0:00:24]} Qe5 {[%emt 0:02:53]} 34. c4 {[%emt 0:02:02]} Ng5 {[%emt 0:01:02]} 35. Qd3 {[%emt 0:00:18]} Ne4 {[%emt 0:01:41]} 36. Qd8+ {[%emt 0:00:50]} Kh7 {[%emt 0:00:03]} 37. Qh4+ {[%emt 0:00:04]} Kg8 {[%emt 0:00:03]} 38. Qd8+ {[%emt 0:00:10]} Kh7 {[%emt 0:00:04]} 39. Qh4+ {[%emt 0:01:30]} 1/2-1/2

[Event "24th Hoogeveen Open 2021"]
[Site "Hoogeveen"]
[Date "2021.10.23"]
[Round "9.4"]
[White "Meurs, Tom"]
[Black "Labruyere, Roger"]
[Result "1-0"]
[WhiteElo "2217"]
[BlackElo "2009"]
[Annotator "ChessBase"]
[PlyCount "51"]
[EventDate "2021.10.15"]
[EventType "swiss"]
[EventCountry "NED"]
[SourceTitle "playchess.com"]
[Source "ChessBase"]
[SourceQuality "1"]
[TimeControl "40/5400+30:1800+30"]

1. e4 {[%emt 0:00:03]} c6 {[%emt 0:00:04]} 2. d4 {[%emt 0:00:07]} d5 {[%emt 0:00:05]} 3. e5 {[%emt 0:00:04]} c5 {[%emt 0:00:14]} 4. Nf3 {[%emt 0:00:20]} Bf5 {[%emt 0:01:20]} 5. dxc5 {[%emt 0:03:06]} e6 {[%emt 0:00:12]} 6. Be3 {[%emt 0:00:57]} Nc6 {[%emt 0:01:00]} 7. c4 {[%emt 0:03:40]} Qa5+ {[%emt 0:08:15]} 8. Qd2 {[%emt 0:05:00]} Qxd2+ {[%emt 0:00:24]} 9. Nbxd2 {[%emt 0:03:50]} Nb4 {[%emt 0:00:14]} 10. Nd4 {[%emt 0:01:12]} O-O-O {[%emt 0:15:28]} 11. a3 {[%emt 0:04:28]} Nd3+ {[%emt 0:00:11]} 12. Bxd3 {[%emt 0:01:17]} Bxd3 {[%emt 0:00:03]} 13. Rc1 {[%emt 0:04:47]} Bxc4 {[%emt 0:01:04]} 14. Nxc4 {[%emt 0:02:09]} dxc4 {[%emt 0:00:02]} 15. Rxc4 {[%emt 0:09:57]} Rd5 {[%emt 0:01:45]} 16. Nb5 {[%emt 0:01:56]} Rxe5 {[%emt 0:03:20]} 17. Nxa7+ {[%emt 0:00:19]} Kb8 {[%emt 0:00:42]} 18. c6 {[%emt 0:00:13]} Rxe3+ {[%emt 0:00:05]} 19. fxe3 {[%emt 0:00:04]} Kxa7 {[%emt 0:00:04]} 20. c7 {[%emt 0:00:06]} Ne7 {[%emt 0:00:03]} 21. O-O {[%emt 0:00:59]} Nc8 {[%emt 0:00:12]} 22. Rxf7 {[%emt 0:00:31]} Rg8 {[%emt 0:21:59]} 23. Rd4 {[%emt 0:05:11]} Bd6 {[%emt 0:05:00]} 24. Rd7 {[%emt 0:00:17]} b6 {[%emt 0:03:01]} 25. Rd8 {[%emt 0:00:13]} Rf8 {[%emt 0:00:09]} 26. R4xd6 {[%emt 0:00:53]} 1-0

[Event "24th Hoogeveen Open 2021"]
[Site "Hoogeveen"]
[Date "2021.10.23"]
[Round "9.5"]
[White "De Winter, Arthur"]
[Black "Osterwald, Elwin"]
[Result "1-0"]
[WhiteElo "2034"]
[BlackElo "2130"]
[Annotator "ChessBase"]
[PlyCount "63"]
[EventDate "2021.10.15"]
[EventType "swiss"]
[EventCountry "NED"]
[SourceTitle "playchess.com"]
[Source "ChessBase"]
[SourceQuality "1"]
[TimeControl "40/5400+30:1800+30"]

1. e4 {[%emt 0:00:03]} e6 {[%emt 0:00:06]} 2. d4 {[%emt 0:00:02]} d5 {[%emt 0:00:05]} 3. Nc3 {[%emt 0:00:03]} Nf6 {[%emt 0:00:07]} 4. Bg5 {[%emt 0:00:04]} Bb4 {[%emt 0:00:06]} 5. e5 {[%emt 0:00:04]} h6 {[%emt 0:00:06]} 6. Bd2 {[%emt 0:00:04]} Bxc3 {[%emt 0:00:07]} 7. bxc3 {[%emt 0:00:03]} Ne4 {[%emt 0:00:09]} 8. Bc1 {[%emt 0:00:05]} c5 {[%emt 0:01:05]} 9. Ne2 {[%emt 0:00:13]} cxd4 {[%emt 0:04:00]} 10. cxd4 {[%emt 0:00:30]} Qa5+ {[%emt 0:00:36]} 11. c3 {[%emt 0:00:06]} Nc6 {[%emt 0:00:39]} 12. Qb3 {[%emt 0:00:48]} Bd7 {[%emt 0:02:49]} 13. f3 {[%emt 0:10:39]} Ng5 {[%emt 0:01:20]} 14. Ba3 {[%emt 0:03:35]} f6 {[%emt 0:02:27]} 15. h4 {[%emt 0:09:35]} Nf7 {[%emt 0:01:06]} 16. f4 {[%emt 0:01:19]} O-O-O {[%emt 0:01:22]} 17. Rb1 {[%emt 0:10:59]} Qc7 {[%emt 0:04:34]} 18. g3 {[%emt 0:08:59]} Na5 {[%emt 0:01:59]} 19. Qc2 {[%emt 0:00:48]} Nc4 {[%emt 0:01:04]} 20. Be7 {[%emt 0:04:53]} Rde8 {[%emt 0:07:10]} 21. exf6 {[%emt 0:00:10]} gxf6 {[%emt 0:01:46]} 22. Bxf6 {[%emt 0:00:24]} Rhg8 {[%emt 0:01:08]} 23. Bh3 {[%emt 0:10:32]} Rxg3 {[%emt 0:07:19]} 24. Nxg3 {[%emt 0:01:10]} Na3 {[%emt 0:01:45]} 25. Qb2 {[%emt 0:05:51]} Nxb1 {[%emt 0:00:51]} 26. O-O {[%emt 0:06:44]} e5 {[%emt 0:01:24]} 27. Bxd7+ {[%emt 0:08:13]} Qxd7 {[%emt 0:01:42]} 28. Qxb1 {[%emt 0:01:26]} e4 {[%emt 0:04:10]} 29. Kh2 {[%emt 0:04:41]} Qe6 {[%emt 0:01:36]} 30. Qb5 {[%emt 0:01:33]} Rg8 {[%emt 0:01:48]} 31. Be5 {[%emt 0:03:05]} Nxe5 {[%emt 0:01:43]} 32. fxe5 {[%emt 0:00:17]} 1-0

[Event "24th Hoogeveen Open 2021"]
[Site "Hoogeveen"]
[Date "2021.10.23"]
[Round "9.6"]
[White "Van den Berg, Bram"]
[Black "Klaren, Duncan"]
[Result "1-0"]
[WhiteElo "2209"]
[BlackElo "1845"]
[Annotator "ChessBase"]
[PlyCount "85"]
[EventDate "2021.10.15"]
[EventType "swiss"]
[EventCountry "NED"]
[SourceTitle "playchess.com"]
[Source "ChessBase"]
[SourceQuality "1"]
[TimeControl "40/5400+30:1800+30"]

1. e4 {[%emt 0:00:04]} c5 {[%emt 0:00:06]} 2. b4 {[%emt 0:00:04]} cxb4 {[%emt 0:00:09]} 3. a3 {[%emt 0:00:04]} d5 {[%emt 0:00:23]} 4. exd5 {[%emt 0:00:05]} Qxd5 {[%emt 0:00:14]} 5. Nf3 {[%emt 0:00:05]} e5 {[%emt 0:00:42]} 6. c4 {[%emt 0:00:53]} Qd8 {[%emt 0:08:43]} 7. axb4 {[%emt 0:02:43]} Bxb4 {[%emt 0:04:51]} 8. Be2 {[%emt 0:02:04]} Nc6 {[%emt 0:02:09]} 9. Bb2 {[%emt 0:02:03]} Qe7 {[%emt 0:05:10]} 10. Nc3 {[%emt 0:06:37]} Nf6 {[%emt 0:04:01]} 11. O-O {[%emt 0:05:49]} Be6 {[%emt 0:03:13]} 12. Re1 {[%emt 0:04:19]} O-O {[%emt 0:03:39]} 13. Bf1 {[%emt 0:00:35]} Rad8 {[%emt 0:06:05]} 14. Nxe5 {[%emt 0:02:26]} Nxe5 {[%emt 0:00:13]} 15. Rxe5 {[%emt 0:00:06]} Bd6 {[%emt 0:00:23]} 16. Rg5 {[%emt 0:01:07]} g6 {[%emt 0:16:51]} 17. g3 {[%emt 0:02:20]} Bf5 {[%emt 0:08:16]} 18. Rxf5 {[%emt 0:14:13]} gxf5 {[%emt 0:00:07]} 19. Qf3 {[%emt 0:00:12]} Qe6 {[%emt 0:08:50]} 20. d4 {[%emt 0:07:32]} Bb4 {[%emt 0:05:29]} 21. Bd3 {[%emt 0:06:36]} Bxc3 {[%emt 0:05:54]} 22. Bxc3 {[%emt 0:00:25]} Ne4 {[%emt 0:00:09]} 23. d5 {[%emt 0:01:06]} Qg6 {[%emt 0:00:51]} 24. Bb2 {[%emt 0:01:38]} Rfe8 {[%emt 0:01:30]} 25. Qd1 {[%emt 0:03:14]} Qb6 {[%emt 0:01:36]} 26. Qc2 {[%emt 0:01:28]} a6 {[%emt 0:03:55]} 27. Kg2 {[%emt 0:02:33]} Qh6 {[%emt 0:00:49]} 28. Rd1 {[%emt 0:02:03]} Qh5 {[%emt 0:02:43]} 29. Be2 {[%emt 0:06:44]} Qh6 {[%emt 0:01:41]} 30. h4 {[%emt 0:04:00]} Qg6 {[%emt 0:01:28]} 31. Bf3 {[%emt 0:01:28]} b6 {[%emt 0:03:10]} 32. Qd3 {[%emt 0:02:03]} Qd6 {[%emt 0:00:52]} 33. h5 {[%emt 0:04:56]} h6 {[%emt 0:00:39]} 34. Re1 {[%emt 0:05:53]} Qd7 {[%emt 0:01:32]} 35. Qd4 {[%emt 0:02:38]} f6 {[%emt 0:00:09]} 36. Bxe4 {[%emt 0:01:07]} fxe4 {[%emt 0:00:21]} 37. Qxf6 {[%emt 0:00:09]} Qh7 {[%emt 0:00:08]} 38. Qxb6 {[%emt 0:01:49]} Qf5 {[%emt 0:01:19]} 39. Qxh6 {[%emt 0:00:52]} Re7 {[%emt 0:00:36]} 40. Qh8+ {[%emt 0:00:31]} Kf7 {[%emt 0:00:05]} 41. Qxd8 {[%emt 0:30:08]} Qf3+ {[%emt 0:30:13]} 42. Kg1 {[%emt 0:00:04]} e3 {[%emt 0:00:11]} 43. Qxe7+ {[%emt 0:00:05]} 1-0

[Event "24th Hoogeveen Open 2021"]
[Site "Hoogeveen"]
[Date "2021.10.23"]
[Round "9.7"]
[White "Tabak, Stefan"]
[Black "Van der Hagen, Loek"]
[Result "1/2-1/2"]
[WhiteElo "2168"]
[BlackElo "2010"]
[Annotator "ChessBase"]
[PlyCount "101"]
[EventDate "2021.10.15"]
[EventType "swiss"]
[EventCountry "NED"]
[SourceTitle "playchess.com"]
[Source "ChessBase"]
[SourceQuality "1"]
[TimeControl "40/5400+30:1800+30"]

1. e4 {[%emt 0:00:03]} e5 {[%emt 0:00:13]} 2. Nf3 {[%emt 0:00:23]} Nc6 {[%emt 0:00:05]} 3. Nc3 {[%emt 0:00:11]} Nf6 {[%emt 0:00:06]} 4. d4 {[%emt 0:00:05]} exd4 {[%emt 0:00:35]} 5. Nxd4 {[%emt 0:00:05]} Bb4 {[%emt 0:00:12]} 6. Nxc6 {[%emt 0:00:05]} bxc6 {[%emt 0:00:08]} 7. Bd3 {[%emt 0:00:04]} d5 {[%emt 0:00:22]} 8. exd5 {[%emt 0:00:05]} cxd5 {[%emt 0:00:05]} 9. O-O {[%emt 0:00:07]} O-O {[%emt 0:00:04]} 10. Bg5 {[%emt 0:00:05]} c6 {[%emt 0:00:14]} 11. Qf3 {[%emt 0:00:06]} Bd6 {[%emt 0:00:18]} 12. h3 {[%emt 0:00:10]} Rb8 {[%emt 0:00:45]} 13. Rab1 {[%emt 0:00:27]} h6 {[%emt 0:01:14]} 14. Bf4 {[%emt 0:01:24]} Re8 {[%emt 0:00:59]} 15. b3 {[%emt 0:03:32]} Rb4 {[%emt 0:06:41]} 16. Bxd6 {[%emt 0:00:45]} Qxd6 {[%emt 0:00:06]} 17. Rfe1 {[%emt 0:01:20]} Rxe1+ {[%emt 0:02:35]} 18. Rxe1 {[%emt 0:00:09]} Be6 {[%emt 0:00:30]} 19. Na4 {[%emt 0:03:51]} c5 {[%emt 0:09:19]} 20. c3 {[%emt 0:05:09]} Rb8 {[%emt 0:01:51]} 21. Qe3 {[%emt 0:10:20]} Rc8 {[%emt 0:07:56]} 22. Rd1 {[%emt 0:03:27]} Bd7 {[%emt 0:11:36]} 23. Nb2 {[%emt 0:00:55]} Kf8 {[%emt 0:02:18]} 24. Be2 {[%emt 0:08:17]} Qe6 {[%emt 0:02:53]} 25. Bf3 {[%emt 0:12:59]} Qa6 {[%emt 0:07:05]} 26. Bxd5 {[%emt 0:06:10]} Qxa2 {[%emt 0:01:25]} 27. Rd2 {[%emt 0:07:51]} Nxd5 {[%emt 0:11:56]} 28. Rxd5 {[%emt 0:00:14]} Be6 {[%emt 0:03:32]} 29. Rxc5 {[%emt 0:01:58]} Re8 {[%emt 0:05:08]} 30. Nd3 {[%emt 0:02:52]} Qxb3 {[%emt 0:04:29]} 31. Qd4 {[%emt 0:04:07]} Qb1+ {[%emt 0:02:10]} 32. Kh2 {[%emt 0:00:26]} Qb8+ {[%emt 0:00:33]} 33. g3 {[%emt 0:01:00]} Rd8 {[%emt 0:01:38]} 34. Qe3 {[%emt 0:05:39]} Bd5 {[%emt 0:05:31]} 35. Qe5 {[%emt 0:20:19]} Qxe5 {[%emt 0:03:50]} 36. Nxe5 {[%emt 0:00:01]} Be6 {[%emt 0:02:49]} 37. f4 {[%emt 0:02:15]} f6 {[%emt 0:05:01]} 38. Nf3 {[%emt 0:00:35]} Ke7 {[%emt 0:01:50]} 39. Nd4 {[%emt 0:00:15]} Rd7 {[%emt 0:01:04]} 40. g4 {[%emt 0:01:48]} Rb7 {[%emt 0:00:46]} 41. Kg3 {[%emt 0:30:49]} Bd7 {[%emt 0:05:08]} 42. f5 {[%emt 0:00:00]} Kd6 {[%emt 0:01:04]} 43. Ra5 {[%emt 0:00:00]} Rc7 {[%emt 0:01:02]} 44. Kf4 {[%emt 0:00:00]} Rxc3 {[%emt 0:12:44]} 45. Ra6+ {[%emt 0:00:00]} Ke7 {[%emt 0:02:26]} 46. Rxa7 {[%emt 0:00:00]} Rc4 {[%emt 0:05:28]} 47. Ke3 {[%emt 0:00:00]} Rc3+ {[%emt 0:00:10]} 48. Kf4 {[%emt 0:00:00]} Rc4 {[%emt 0:00:25]} 49. Ke3 {[%emt 0:00:00]} Rc3+ {[%emt 0:00:04]} 50. Kf4 {[%emt 0:00:00]} Rc4 {[%emt 0:00:07]} 51. Ke4 {[%emt 0:01:59]} 1/2-1/2